000 00698nam a2200289Ia 4500
005 20260324113132.0
008 008 260324s9999 xx 000 0 eng d
020 _a9781003407621
037 _aEBOOK
040 _aCRL
040 _beng
040 _cCRL
041 _2eng
041 _aeng
084 _qCRL
100 _aFleur Kemmers; Nanouschka Myrberg Burström
_91145563
245 0 _aMoney, Coinage and Colonialism
245 0 _bEntangled Exchanges
260 _bTaylor and Francis
260 _c2024
365 _a
365 _b240
856 _uhttp://www.taylorfrancis.com/books/9781003407621
942 _cEBOOK
999 _c1735055
_d1735055